San Pedro Póveda Castroverde: canonización, Madrid, 4 de mayo de 2003

Guardat en:
Dades bibliogràfiques
Format: Llibre
Idioma:espanyol
Publicat: Madrid Fundación Institución Teresiana 2005
Matèries:
Etiquetes: Afegir etiqueta
Sense etiquetes, Sigues el primer a etiquetar aquest registre!

MARC

LEADER 00000nam a2200000 a 4500
001 UCK8365
003 CL-VaPUC
008 060317e20050000SP |||||||||||||||||spa|d
020 |a 8488316003 
082 0 4 |a 262.934  |b SAN  |2 21 
245 1 0 |a San Pedro Póveda Castroverde: canonización, Madrid, 4 de mayo de 2003 
300 |a 523 p 
942 |c BK 
945 |d 20060317 00:00:00  |a cmena 
260 |a Madrid  |b Fundación Institución Teresiana  |c 2005 
600 0 7 |a SAN PEDRO POVEDA CASTROVERDE  |2 CL-VaPUC  |9 498118 
650 7 |a CANONIZACION  |2 CL-VaPUC  |9 258734 
650 0 |a Tribunales eclesiásticos  |9 254931 
650 0 |a Biografías  |9 255210 
650 7 |a DERECHO CANONICO  |2 CL-VaPUC  |9 498119 
651 0 |a España  |9 254926 
583 |a last modification  |c 20060317 00:00:00  |k Rodrigo Vera 
999 |c 316028  |d 316026 
952 |0 0  |1 0  |4 0  |6 262_934000000000000_SAN_2005  |7 0  |8 F  |9 390086  |a BIBTEO  |b BIBTEO  |d 2019-11-22  |i 4212819  |o 262.934 SAN 2005  |p 4212819  |r 2025-01-17  |w 2019-11-22  |y BK_F  |k ICR